Normal view MARC view

Entry Nombre personal

Number of records used in: 7

001 - NÚMERO DE CONTROL

  • campo de control: 85134

003 - IDENTIFICADOR DE NÚMERO DE CONTROL

  • campo de control: SpMaBN

005 - FECHA Y HORA DE LA ÚLTIMA TRANSACCIÓN

  • campo de control: 20250718055625.0

008 - ELEMENTOS DE DATO DE LONGITUD-FIJA

  • campo de control de longitud fija: 971117n| aijnnaabn |a aaa

016 ## - NÚMERO DE CONTROL DE UNA AGENCIA BIBLIOGRÁFICA NACIONAL

  • Número de control del registro: BNE19974273455

024 7# - IDENTIFICADOR DE OTROS ESTÁNDARES

  • Número estándar o código: http://viaf.org/viaf/83470315/
  • Fuente: viaf

024 8# - IDENTIFICADOR DE OTROS ESTÁNDARES

  • Número estándar o código: https://data.cervantesvirtual.com/person/2570

024 7# - IDENTIFICADOR DE OTROS ESTÁNDARES

  • Número estándar o código: https://isni.org/isni/0000000059514728
  • Fuente: isni

024 7# - IDENTIFICADOR DE OTROS ESTÁNDARES

  • Número estándar o código: http://www.wikidata.org/entity/Q5819484
  • Fuente: wikidata

040 ## - FUENTE DE CATALOGACIÓN

  • Centro catalogador/agencia de origen: SpMaBN
  • Lengua de catalogación: spa
  • Centro/agencia transcriptor: SpMaBN
  • Normas de descripción: rdc
  • Convención/Normas de encabezamiento de materia/tesauro: embne

046 ## - FECHAS CON CODIFICACIÓN ESPECIAL

  • Fecha de nacimiento: 1846
  • Fecha de la muerte: 1902

100 1# - ENCABEZAMIENTO-NOMBRE DE PERSONA

  • Nombre de persona: Navarro Gonzalvo, Eduardo,
  • Fechas asociadas al nombre: 1846-1902

370 ## - LUGAR ASOCIADO

  • Lugar de nacimiento: Valencia, España
  • Fuente de información: (Wikidata)
  • Número de control del registro de autoridad o número normalizado: XX450548

374 ## - OCUPACIÓN

  • Ocupación: Dramaturgos
  • Ocupación: Escritores
  • Ocupación: Periodistas
  • Fuente de información: Wikidata

375 ## - GÉNERO/SEXO

  • Género: Masculino

400 1# - TRAZADO DE VÉASE--NOMBRE DE PERSONA

  • Nombre de persona: Navarro Gonzalvo, E.,
  • Fechas asociadas al nombre: 1846-1902

400 1# - TRAZADO DE VÉASE--NOMBRE DE PERSONA

  • Nombre de persona: Navarro y Gonzalvo, Eduardo,
  • Fechas asociadas al nombre: 1846-1902

400 1# - TRAZADO DE VÉASE--NOMBRE DE PERSONA

  • Nombre de persona: Navarro, E.,
  • Fechas asociadas al nombre: 1846-1902

670 ## - FUENTE DE DATOS ENCONTRADOS

  • Cita de la fuente: Dic. de la música española e hispanoamericana, SGAE, 1999
  • Información encontrada: (Navarro Gonzalvo, Eduardo; n. Valencia, 1846, m. ?, 1902; libretista)

670 ## - FUENTE DE DATOS ENCONTRADOS

  • Cita de la fuente: Las grandes figuras, 1885
  • Información encontrada: port. (letra de E. Navarro Gonzalvo)

670 ## - FUENTE DE DATOS ENCONTRADOS

  • Cita de la fuente: El dinero y la fortuna, 1877
  • Información encontrada: port. (original y en verso de los Señores D. Calixto Navarro y D. Eduardo Navarro y Gonzalvo)

670 ## - FUENTE DE DATOS ENCONTRADOS

  • Cita de la fuente: El ramillete: juguete cómico-lírico en un acto y en prosa, [ca. 1893], (Mss/14475/17)
  • Información encontrada: port. (E. Navarro)